Conferencia nacional de segunda enseñanza : concluciones aprobadas por la asamblea nacional (Record no. 64752)

MARC details
000 -CABECERA
campo de control de longitud fija 00588nam a2200193 a 4500
005 - FECHA Y HORA DE LA ÚLTIMA TRANSACCIÓN
campo de control 20210219152946.0
008 - ELEMENTOS DE LONGITUD FIJA--INFORMACIÓN GENERAL
campo de control de longitud fija 991125n 000 0 u
035 ## - NÚMERO DE CONTROL DEL SISTEMA
Número de control de sistema UPN01000068901
222 ## - TÍTULO CLAVE
Título clave REVISTA DEL INSTITUTO NACIONAL DE PEDAGOGIA
245 ## - MENCIÓN DE TÍTULO
Título Conferencia nacional de segunda enseñanza : concluciones aprobadas por la asamblea nacional
300 ## - DESCRIPCIÓN FÍSICA
Extensión 47-97
362 ## - FECHAS DE PUBLICACIÓN Y/O DESIGNACIÓN SECUENCIAL
Fecha de publicación y/o designación secuencial 1952 Año 6, nos. 21-23 abr.-oct.
653 0# - TERMINO DE INDIZACION - NO CONTROLADO
Término no controlado CURRICULUM
653 0# - TERMINO DE INDIZACION - NO CONTROLADO
Término no controlado DIDACTICA
653 0# - TERMINO DE INDIZACION - NO CONTROLADO
Término no controlado EDUCACION SECUNDARIA
653 0# - TERMINO DE INDIZACION - NO CONTROLADO
Término no controlado OBJETIVOS EDUCATIVOS
904 ## - ELEMENTOS DE DATOS D LOCAL, LDD (RLIN)
a AC
b 006712
905 ## - TIPO DE MATERIAL
Tipo de material Articulo

No items available.